000 00450nam a2200193Ia 4500
008 170918s9999 xx 000 0 und d
020 _a9780545298780
050 _bR223 2011
100 _aRaschka, Chris
245 _aSeriously, Norman! /
245 _cChris Raschka.
260 _aNew York :
260 _bScholastic,
260 _c2011
300 _a342 pages :
300 _bcolored illustration ;
300 _c19cm.
500 _a880
999 _c342058
_d342058